Las políticas sociales de México en los años noventa /
Uloženo v:
| Hlavní autor: | |
|---|---|
| Korporace: | , |
| Další autoři: | , , , , , , , , , , , |
| Médium: | Neznámo |
| Vydáno: |
México, D.F.:
Plaza y Váldes
|
| Témata: | |
| Tagy: |
Přidat tag
Žádné tagy, Buďte první, kdo vytvoří štítek k tomuto záznamu!
|
MARC
| LEADER | 00000 a2200000 04500 | ||
|---|---|---|---|
| 001 | 26886 | ||
| 003 | |||
| 008 | 991231s d | ||
| 040 | |||
| 090 | |a 146502 | ||
| 100 | |a Lerner Sigal, Bertha | ||
| 110 | |a Universidad Nacional Autónoma de México | ||
| 245 | |a Las políticas sociales de México en los años noventa / |c Universidad Nacional Autónoma de México | ||
| 260 | |a México, D.F.: |b Plaza y Váldes | ||
| 300 | |a 511 p. | ||
| 650 | |a POLITICA SOCIAL | ||
| 650 | |a GOBIERNO | ||
| 650 | |a POBREZA | ||
| 650 | |a BANCO MUNDIAL | ||
| 650 | |a BANCO DE DESARROLLO | ||
| 650 | |a NACIONALIDAD | ||
| 650 | |a MERCADO | ||
| 650 | |a TEORIA | ||
| 650 | |a DESARROLLO ECONOMICO | ||
| 650 | |a RECURSOS ECONOMICOS | ||
| 650 | |a ORGANIZACIONES POPULARES | ||
| 700 | |a Cordera Campos, Rolando | ||
| 700 | |a Incháustegui, Teresa | ||
| 700 | |a Martínez F, Alicia Inés | ||
| 700 | |a Guerra Rodríguez, Carlos | ||
| 700 | |a Vilas, Carlos M. | ||
| 700 | |a Millán, René | ||
| 700 | |a Váldes Ugalde, Francisco | ||
| 700 | |a Martínez Assad, Carlos | ||
| 700 | |a Gortari, Hira de | ||
| 700 | |a Ziccardi, Alicia | ||
| 700 | |a León, Sanuel | ||
| 700 | |a Gor | ||
| 710 | |a FLACSO | ||
| 999 | |c 15589 |d 15589 | ||
